| 000 | 00809nam a22002177a 4500 | ||
|---|---|---|---|
| 003 | BUBTL | ||
| 008 | 230306b ||||| |||| 00| 0 eng d | ||
| 020 | _a9789849319146 | ||
| 082 | _a954.92/ H929a/ 2018 | ||
| 100 |
_95201 _aHuque, Mahmudul |
||
| 245 |
_aAmerican Policy towards the Liberation War of Bangladesh in 1971: _bA Collection of Essential Documents / _c Mahmudul Huque |
||
| 250 | _a1st Edn | ||
| 260 |
_aDhaka: _bAsiatic Society Bangladesh, _cc2018 |
||
| 300 |
_axxxvi, 519 p.: _c24.5 cm. |
||
| 500 | _aIncludes Index | ||
| 505 | _aAmerican Policy towards the Liberation War of Bangladesh in 1971, American Policy, Liberation War of Bangladesh, 1971, Mahmudul Huque | ||
| 650 | 0 |
_94963 _aLiberation war |
|
| 856 |
_k0 _l0 _yDownload |
||
| 942 |
_2ddc _cBK |
||
| 999 |
_c6963 _d6963 |
||